000 00401nam a22001697a 4500
003 CEME
005 20210628205200.0
008 210301b xxu||||| |||| 00| 0 eng d
020 _a069-407-203-4
040 _c.
082 _a297 RAI'M
100 _aRiaz ahmed, syed doctor
_974298
245 _aMuslim qumiat ak motalla
260 _aKARACHI
_bROYAL
_c1996
300 _a126P
942 _cBK
_2ddc
999 _c579849
_d579849